000 00520nam a2200205Ia 4500
003 OSt
005 20221007112520.0
006 a|||||r|||| 00| 0
007 ta
008 221006b |||||||| |||| 00| 0 eng d
024 _a28,247
037 _cBound Volume
040 _aLCO
_cLCO
_beng
041 _2eng
_aeng
245 0 _aINDIAN FACTORIES JOURNAL
260 _aMadras
_bLaes of India pvt. ltd. India
_c1959
490 _v19 (1960- 61)
942 _cCR
999 _c1197810
_d1197810